000 00693nam a2200205Ii 4500
003 JO-AjNU
008 230605s9999||||xx |||||||||||||| ||und||
017 _a4273
040 _aJO-AjNU
_bara
_erda
_cJO-AjNU
041 _aara
050 1 4 _aTS155.M33 2011
100 3 _aماضي، محمد توفيق ,
_eauthor
_944305
245 0 0 _aادارة الانتاج والعمليات مدخل اتخاذ القرارات
264 3 1 _aالاسكندرية:الدار الجامعية ,2011
300 _a367ص
336 _atext
_btxt
_2rdacontent
337 _aunmediated
_bn
_2rdamedia
338 _avolume
_bnc
_2rdacarrier
650 4 _aادارة الانتاج والعمليات
_944306
999 _aA19119
_c22687
_d22687